|
|
|
|
| LEADER |
00000nam0a2200000 4500 |
| 001 |
263515 |
| 005 |
20231101233739.0 |
| 010 |
|
|
|a 9785991632560
|
| 035 |
|
|
|a (RuTPU)RU\TPU\book\286500
|
| 090 |
|
|
|a 263515
|
| 100 |
|
|
|a 20140609d2014 m y0rusy50 ca
|
| 101 |
0 |
|
|a rus
|
| 102 |
|
|
|a RU
|
| 105 |
|
|
|a a j 001zy
|
| 200 |
1 |
|
|a Международный бизнес. Теория и практика
|e учебник для бакалавров
|f Санкт-Петербургский государственный университет (СПбГУ) ; под ред. А. И. Погорлецкого ; С. Ф. Сутырина
|
| 210 |
|
|
|a Москва
|c Юрайт
|d 2014
|
| 215 |
|
|
|a 733 с.
|c ил.
|
| 225 |
1 |
|
|a Бакалавр. Углубленный курс
|
| 320 |
|
|
|a Библиогр.: с. 726-733.
|
| 330 |
|
|
|a В учебнике рассмотрены общие основы ведения международного бизнеса, организационно-правовые и структурные аспекты, маркетинговые подходы к анализу операций, финансово-инвестиционные аспекты, стратегии и операции международного бизнеса в действии (на примере ведущих стран мира и представляющих их компаний). Благодаря обширному методическому комплексу, включающему многочисленные примеры из бизнес-практики зарубежных и российских компаний, интерактивные вставки «Размышляем самостоятельно», вопросы и задания к каждой пройденной теме с анализом конкретных ситуаций — кейсами, обучающиеся смогут более эффективно освоить и закрепить знания по курсу. Соответствует Федеральному государственному образовательному стандарту высшего профессионального образования третьего поколения. Для бакалавров, обучающихся по направлению «Экономика» (профиль «Международные экономические отношения и международный бизнес»), а также всех интересующихся вопросами организации и ведения международного бизнеса.
|
| 606 |
1 |
|
|a Международный бизнес
|2 stltpush
|3 (RuTPU)RU\TPU\subj\36408
|9 57802
|
| 610 |
1 |
|
|a мировая экономика
|
| 610 |
1 |
|
|a предпринимательская деятельность
|
| 610 |
1 |
|
|a интернационализация
|
| 610 |
1 |
|
|a внешняя среда
|
| 610 |
1 |
|
|a экономические стратегии
|
| 610 |
1 |
|
|a транспортно-логистические обеспечение
|
| 610 |
1 |
|
|a международные перевозки
|
| 610 |
1 |
|
|a транспортная логистика
|
| 610 |
1 |
|
|a управление
|
| 610 |
1 |
|
|a правовые основы
|
| 610 |
1 |
|
|a транснациональные корпорации
|
| 610 |
1 |
|
|a международные контракты
|
| 610 |
1 |
|
|a купля-продажа
|
| 610 |
1 |
|
|a международные контракты
|
| 610 |
1 |
|
|a экспортно-импортные операции
|
| 610 |
1 |
|
|a инвестиционная деятельность
|
| 610 |
1 |
|
|a промышленная кооперация
|
| 610 |
1 |
|
|a совместное предпринимательство
|
| 610 |
1 |
|
|a электронная коммерция
|
| 610 |
1 |
|
|a маркетинг
|
| 610 |
1 |
|
|a конкурентоспособность
|
| 610 |
1 |
|
|a ценообразование
|
| 610 |
1 |
|
|a деловая культура
|
| 610 |
1 |
|
|a этика
|
| 610 |
1 |
|
|a социальная ответственность
|
| 610 |
1 |
|
|a топливно-энергетический комплекс
|
| 610 |
1 |
|
|a металлургическая продукция
|
| 610 |
1 |
|
|a банковская деятельность
|
| 610 |
1 |
|
|a международные расчеты
|
| 610 |
1 |
|
|a инвестиционные проекты
|
| 610 |
1 |
|
|a иностранные инвестиции
|
| 610 |
1 |
|
|a инкассо
|
| 610 |
1 |
|
|a внешнеторговые сделки
|
| 610 |
1 |
|
|a экономические риски
|
| 610 |
1 |
|
|a налогообложение
|
| 610 |
1 |
|
|a Китай
|
| 610 |
1 |
|
|a Латинская Америка
|
| 610 |
1 |
|
|a Ближний Восток
|
| 610 |
1 |
|
|a Средний Восток
|
| 610 |
1 |
|
|a Россия
|
| 610 |
1 |
|
|a Газпром
|
| 610 |
1 |
|
|a Мобильные ТелеСистемы
|
| 610 |
1 |
|
|a российские компании
|
| 610 |
1 |
|
|a учебные пособия
|
| 686 |
|
|
|a У58я73
|v LBC/SL-A
|2 rubbk
|
| 702 |
|
1 |
|a Погорлецкий
|b А. И.
|g Александр Игоревич
|4 340
|
| 702 |
|
1 |
|a Сутырин
|b С. Ф.
|g Сергей Феликсович
|4 340
|
| 712 |
0 |
2 |
|a Санкт-Петербургский государственный университет (СПбГУ)
|c (1991- )
|2 stltpush
|3 (RuTPU)RU\TPU\col\62
|
| 801 |
|
1 |
|a RU
|b 63413507
|c 20140609
|
| 801 |
|
2 |
|a RU
|b 63413507
|c 20140902
|g RCR
|
| 942 |
|
|
|c BK
|
| 959 |
|
|
|a 102/20140609
|d 2
|e 649,00
|f ЧЗГЛ:1
|f АНЛ:1
|